000 00826cab a2200265 4500
001 ABS50016
008 090401t1994 xxu||||| |||| 00| 0 eng d
035 _a(Sirsi) u73667
041 _aeng
100 _aMacDonald, G.
245 _aSuccess of plan lead depends on monitors
260 _c1994
350 _a0
490 _aPlanning (for the Natural and Built Environment)
_v(1052) 21 January 1994, 8-9(2)
520 _aOutlines Shepway Distract Council`s approach to monitoring and reviewing its development plan.
650 _aDEVELOPMENT PLANS
650 _aMONITORING
650 _aPLAN-LED SYSTEM
650 _aPPG12
650 _aTOWN AND COUNTRY PLANNING ACT 1990 S11
650 _aTOWN AND COUNTRY PLANNING ACT 1990 S30
690 _aPLANNING LAW AND PRACTICE
942 _n0
948 _c04/03/1997
999 _c46521
_d46521